000 00453nam a2200157Ia 4500
008 100122s9999 xx 000 0 und d
082 _b23586
_a822.08
100 _aजोशी चिं वि
245 _aमेषपात्रे
250 _a0
260 _bपंडित अनंत कुलकर्णी
_c1961
300 _a135
630 _aमेषपात्रे
730 _aमेषपात्रे
942 _cBOOK
999 _c411153
_d411150